I signori di Darkover /

Saved in:
Bibliographic Details
Other Authors: Bradley, Marion Zimmer
Format: Book
Language:Italian
Published: Milano : Nord, \1993!
Series:Collana di narrativa Nord
Subjects:
Tags: Add Tag
No Tags, Be the first to tag this record!

MARC

LEADER 00000nam a2200000 i 4500
001 IT\ICCU\CFI\0250755
003 ItRI
005 20260115231911.0
008 931209s1993 it |||||| ||||| |||||c
015 |2 IT  |a 94-365 
020 |a 8842907294 
040 |b ita  |c importazione bologna sebina 
041 7 |a ita  |2 ISO-639-2 
082 |a 813.0876608  |9 NARRATIVA AMERICANA IN LINGUA INGLESE di fantasy. Raccolte  |2 20 
245 0 2 |a I signori di Darkover /  |c Marion Zimmer Bradley presenta. 
260 |a Milano :  |b Nord,  |c \1993! 
300 |a VIII, 273 p. ;  |c 22 cm 
500 |a Scelta di racconti 
500 |a Trad. di vari. 
650 7 |a Fantasy americana  |x Antologie  |2 scbi 
700 1 |a Bradley, Marion Zimmer  |0 IT\ICCU\CFIV\039273 
790 1 |a Bradley, M. Zimmer  |3 IT\ICCU\CFIV\372184  |z Bradley, Marion Zimmer 
790 1 |a Zimmer Bradley, Marion  |3 IT\ICCU\CFIV\085142  |z Bradley, Marion Zimmer 
830 0 |a Collana di narrativa Nord  |0 IT\ICCU\CFI\0170125 
942 |2 ddc  |c BK  |n 0 
952 |0 0  |1 0  |4 0  |6 DOC_813_087000000000000_ZIM  |7 0  |9 15841  |a BO  |b BO  |d 2026-01-15  |i 19974  |l 0  |o DOC 813.087 ZIM  |p BO19974  |r 2026-01-15 23:19:11  |w 2026-01-15  |x [Sebina 5] [1 v.]  |y BK  |z 1 v. 
999 |c 13618  |d 13618